Pays ayant une frontière avec la Russie - Statistiques

Statistiques générales
  • Ce quiz a été pris 149 fois
  • Le résultat moyen est 7 sur 14
Answers on the Grid
Answers color-coded by a green-red scale on the quiz's grid according to % correct below.
Afghanistan
Arménie
Australie
Azerbaïdjan
Bielorussie
Bulgarie
Chine
Corée du Nord
Estonie
Etats-Unis
Finlande
France
Géorgie
Inde
Japon
Kazakhstan
Kirghizistan
Lettonie
Lituanie
Moldavie
Mongolie
Norvège
Ouzbékistan
Pologne
Roumanie
Suède
Syrie
Turkménistan
Turquie
Ukraine
 
Statistiques - réponses
Réponse % Correct
Chine
75%
Bielorussie
74%
Kazakhstan
64%
Estonie
62%
Finlande
62%
Corée du Nord
59%
Géorgie
55%
Ukraine
51%
Azerbaïdjan
45%
Mongolie
45%
Lituanie
42%
Lettonie
41%
Norvège
31%
Pologne
27%
Aucun quiz correspondant
Distribution des résultats
% des personnes avec chaque résultat
Percentile par nombre de réponses
Votre historique - résultats
Vous n’avez pas pris ce quiz